=LDR 00000nam 2200000 4500 =001 NUTBA000000000005695 =005 20141106091311.0 =006 =007 =008 =020 ##$$a 978-979-050-285-7 =035 ##$$a 0010-111400000000174 =040 ##$$a NBPDMAT =082 ##$$a R.912.598 68 =090 ##$$a R.912.598 68 $b Mah a =100 ##$$a Mahyuzar =245 ##$$a Atlas tematik provinsi Nusa Tenggara Timur / $c Mahyuzar =250 ##$$a Cet.1 =260 ##$$a Jakarta : $b Bina Sumber Daya Mipa, $c 2010 =300 ##$$a 72 hlm. : $b ilus. ; $c 29 cm. =650 ##$$aAtlas Tematik Nusa Tenggara Timur =850 ##$$a NBPDMAT =990 ##$$a 0001/BPAP-NTB/20142014